Собрание сочинений. Т. 4: [Основы общей бактериологии | Биологические процессы разрушения бактерий | Инфекция и иммунитет | Статьи и доклады] (Запись № 9159095)

Подробности
000 -МАРКЕР
контрольное поле 01597nam2a22003131 4500
001 - ИДЕНТИФИКАТОР ЗАПИСИ
контрольное поле rc\4021694
005 - ИДЕНТИФИКАТОР ВЕРСИИ
контрольное поле 20250611061156.0
021 ## - НОМЕР ГОСУДАРСТВЕННОЙ РЕГИСТРАЦИИ
Код страны Российская Федерация
Номер [60-39141]
035 ## - ДРУГИЕ СИСТЕМНЫЕ НОМЕРА
Идентификатор записи (NLR Aleph) 008086918
100 ## - ДАННЫЕ ОБЩЕЙ ОБРАБОТКИ
Данные общей обработки 20130415d1960 |||y0rusy50 ca
101 0# - ЯЗЫК РЕСУРСА
Язык текста, звукозаписи и т.д. русский
102 ## - СТРАНА ПУБЛИКАЦИИ ИЛИ ПРОИЗВОДСТВА
Страна публикации Российская Федерация
105 ## - ПОЛЕ КОДИРОВАННЫХ ДАННЫХ: ТЕКСТОВЫЕ МАТЕРИАЛЫ, МОНОГРАФИЧЕСКИЕ
Кодированные данные о монографическом текстовом документе c z |||||
200 1# - ЗАГЛАВИЕ И СВЕДЕНИЯ ОБ ОТВЕТСТВЕННОСТИ
Основное заглавие [Основы общей бактериологии
-- Биологические процессы разрушения бактерий
-- Инфекция и иммунитет
-- Статьи и доклады]
Первые сведения об ответственности Под ред. В.Л. Троицкого
210 ## - ПУБЛИКАЦИЯ, РАСПРОСТРАНЕНИЕ И ДР.
Дата издания, распространения и т.д. 1960
Место издания, распространения и т.д. Б. м.
215 ## - ФИЗИЧЕСКАЯ ХАРАКТЕРИСТИКА
Специфическое обозначение материала и объем 346 с., 1 л. портр.
320 ## - ПРИМЕЧАНИЯ О НАЛИЧИИ В ДОКУМЕНТЕ БИБЛИОГРАФИИ / УКАЗАТЕЛЯ
Текст примечания Библиогр. в конце разделов
461 #0 - УРОВЕНЬ НАБОРА
Встроенное поле 001rc\4021690
-- 2001#$aСобрание сочинений$fРед. коллегия: В.Д. Тимаков (ред.) [и др.]$gАкад. мед. наук СССР. Т. 1-$vТ. 4
-- 700#1$aГамалея$bН.Ф.$gНиколай Федорович
Системный номер (АБИС) связанной записи 9159072
Автор Гамалея, Н.Ф.
Место публикации Москва
Дата публикации 1956
Первые сведения об ответственности Ред. коллегия: В.Д. Тимаков (ред.) [и др.]
Имя издателя, распространителя и т.д. Медгиз
Заглавие Собрание сочинений
Номер тома Т. 4
606 ## - НАИМЕНОВАНИЕ ТЕМЫ КАК ПРЕДМЕТ
Наименование темы Иммунитет (т. 4)
Код системы psbo
606 ## - НАИМЕНОВАНИЕ ТЕМЫ КАК ПРЕДМЕТ
Наименование темы Микробиология медицинская (т. 4)
Код системы psbo
606 ## - НАИМЕНОВАНИЕ ТЕМЫ КАК ПРЕДМЕТ
Наименование темы Инфекция (т. 4)
Код системы psbo
702 #1 - ИМЯ ЛИЦА - ВТОРИЧНАЯ ОТВЕТСТВЕННОСТЬ
Начальный элемент ввода Тимаков
Часть имени, кроме начального элемента ввода В.Д.
Расширение инициалов личного имени Владимир Дмитриевич
Код отношения Редактор
702 #1 - ИМЯ ЛИЦА - ВТОРИЧНАЯ ОТВЕТСТВЕННОСТЬ
Начальный элемент ввода Троицкий
Часть имени, кроме начального элемента ввода В.Л.
Код отношения Редактор
801 #0 - ИСТОЧНИК ЗАПИСИ
Страна Российская Федерация
Организация NLR
Правила каталогизации psbo
801 #1 - ИСТОЧНИК ЗАПИСИ
Страна Российская Федерация
Организация ELAR
Источник данных rusmarc
852 ## - МЕСТОНАХОЖДЕНИЕ И ШИФР ХРАНЕНИЯ
Идентификатор организации NLR
Шифр хранения (Call Number) Мк02 Г-7/16
942 ## - ДОПОЛНИТЕЛЬНЫЕ ЭЛЕМЕНТЫ ЗАПИСИ (АБИС)
Тип экземпляра АБИС Книга
980 ## - КОЛЛЕКЦИЯ
Название коллекции Национальная библиография
Экземпляры
Тип экземпляра Дата поступления Библиотека постоянного хранения Библиотека текущего хранения Место хранения Шифр хранения Штрих-код Статус экземпляра Источник поступления Стоимость Нумерация / хронология для периодики
Книга 07.05.2014 РНБ (Московский) РНБ (Московский) Фонд общего зала литературы по биологии и медицине М1 Е4/Г-180 1-496125   Обязательный экземпляр    
Книга 01.04.2024 РНБ (Московский) РНБ (Московский) Обменный фонд   1-4535343   Международный обмен 500.00 2021
Книга 01.04.2024 РНБ (Московский) РНБ (Московский) Обменный фонд   1-4535344   Международный обмен 500.00 2021
Книга 26.10.2013 РНБ (Садовая) РНБ (Садовая) Русский книжный фонд -Главное здание, Ленинский читальный зал Мк02 Г-7/16 8086918-10